000 00950nam0a2200265 4500
001 RU\NLR\ONL1\10961
005 20250613120808.0
035 _a(NLR Aleph) 009639707
090 _a9540623
_c9540623
100 _a20070321d1939 |||y0rusy50 ca
101 0 _audm
102 _aRU
105 _ay |||||||||
200 1 _aУдмурт калык кырз|ан'ёс
_fУдмурт. н.-и. ин-т соцкультуры при СНК УАССР
210 _aИжевск
_cУдмурт. н.-и. ин-т соцкультуры при СНК УАССР
_d1939
215 _a152 с.
_d17
541 1 _aСборник удмуртских народных песен
_zrus
606 0 _aУдмуртский фольклор
_9962126
_3RU\NLR\auth\66359564
686 1 _aШ3(235=У)-631
801 0 _aRU
_bNLR
_c20070321
_gPSBO
852 _aNLR
_bОНЛ
_jУдмур./2-20
942 _cBOOK
980 _aNB